Až bude květnová neděle valčík ; Máš to marný, já ti nevěřím : polka /

Hlavní autor: Loukota, Jindřich, 1908-1972
Další autoři: Devátý, Antonín, 1903-1984, Polách, Bohumír, 1899-1979, Žalman, J., 1909-1997
Jazyk: Čeština
Vydáno: Brno : Jar. Stožický, [1938?]
Edice: Universální orchestr (Stožický)
Fyzický popis: 17 hlasů
Hudebniny Hudebniny
Uloženo v:
LEADER 01228ncm a22002892a 4500
001 001353142
003 CZ BrMZK
005 20140108105722.0
007 qu
008 131211s1938 xr |||||||||||||||||cze d
040 |a BOA001  |b cze 
072 7 |a 785  |x Instrumentální hudba. Symfonická hudba. Hudba pro více nástrojů  |2 Konspekt  |9 9 
100 1 |a Loukota, Jindřich,  |d 1908-1972  |7 jk01072483  |4 cmp 
245 1 0 |a Až bude květnová neděle  |h [hudebnina] :  |b valčík ; Máš to marný, já ti nevěřím : polka /  |c Jindra Loukota ; slova : Polách - Žalman ; arang: Antonín Devátý. 
260 |a Brno :  |b Jar. Stožický,  |c [1938?] 
300 |a 17 hlasů 
490 1 |a Univ. orch. ;  |v č. 95-96 
500 |a Party klavíru, prvních houslí a bicích jsou podloženy textem 
700 1 |a Devátý, Antonín,  |d 1903-1984  |7 ola200200189  |4 arr 
700 1 |a Polách, Bohumír,  |d 1899-1979  |7 jk01100151  |4 cmp 
700 1 |a Žalman, J.,  |d 1909-1997  |7 jo2010565042  |4 lyr 
740 0 2 |a Až se budeme brát 
830 0 |a Universální orchestr (Stožický) 
910 |a BOA001  |b Mus4-0149.062,95-96 
990 |a MU 
991 |b 201312 
996 6 |b 2619630782  |c Mus4-0149.062,95-96  |l MZK  |r Sklad / do 1 hodiny  |n 0  |w 001387973  |u 000010  |a 1  |e BOA001  |j MZK50  |s P